Phytophthora disease of cocoa (Record no. 24280)

MARC details
000 -LEADER
fixed length control field 00294nam a2200121Ia 4500
082 ## - DEWEY DECIMAL CLASSIFICATION NUMBER
Classification number 633.74:632
Item number GRE
245 #0 - TITLE STATEMENT
Title Phytophthora disease of cocoa
260 ## - PUBLICATION, DISTRIBUTION, ETC. (IMPRINT)
Place of publication London
Name of publisher Longman
Year of publication 1974
650 ## - SUBJECT ADDED ENTRY--TOPICAL TERM
Topical Term Cocoa
700 ## - ADDED ENTRY--PERSONAL NAME
Personal name GREGORY, P H
942 ## - ADDED ENTRY ELEMENTS (KOHA)
Koha item type Books
Holdings
Withdrawn status Lost status Damaged status Not for loan Home library Current library Date acquired Full call number Accession Number Koha item type
        RRII Library RRII Library 16/12/2021 633.74:632 GRE 04964 Books